Building Microsoft SQL Server 7 Web sites /
Uloženo v:
| Hlavní autor: | |
|---|---|
| Médium: | Kniha |
| Jazyk: | English |
| Vydáno: |
Upper Saddle River, N.J. ,London :
Prentice Hall ; Prentice-Hall International,
1999.
|
| Témata: | |
| Tagy: |
Přidat tag
Žádné tagy, Buďte první, kdo otaguje tento záznam!
|
| Thư viện lưu trữ: | Mạng thư viện Đại học Đà Nẵng |
|---|
| LEADER | 00942cam a2200349 i 4500 | ||
|---|---|---|---|
| 001 | 000045127 | ||
| 003 | 4254 | ||
| 005 | 20030225153413.0 | ||
| 008 | 010220|1999 vm 000 eng | ||
| 020 | |a 0130797634 (pbk.) | ||
| 040 | |a IRC |c IRC |d IRC | ||
| 041 | 0 | |a eng | |
| 082 | 1 | 4 | |a 005.2762 |b BY-J |
| 100 | 1 | |a Byrne, Jeffry. | |
| 245 | 0 | 0 | |a Building Microsoft SQL Server 7 Web sites / |c Jeffry Byrne. |
| 260 | |a Upper Saddle River, N.J. ,London : |b Prentice Hall ; Prentice-Hall International, |c 1999. | ||
| 300 | |a xvi, 436p. : |b ill. | ||
| 630 | 0 | 4 | |a Computer. |
| 630 | 0 | 4 | |a Microsoft SQL Server. |
| 650 | 0 | 4 | |a Web sites |x Design. |
| 650 | 0 | 4 | |a Client/server computing. |
| 650 | 0 | 4 | |a SQL server. |
| OWN | |a DUT | ||
| 999 | |a From the UDN01 | ||
| TYP | |a Monograph | ||
| TYP | |a Printed language | ||
| 980 | |a Mạng thư viện Đại học Đà Nẵng | ||


